| 000 | 00303nam a22000977a 4500 | ||
|---|---|---|---|
| 008 | 150421b xxu||||| |||| 00| 0 eng d | ||
| 020 | _a10:1-292-04247-8 | ||
| 082 | _2Pearson New International Edition | ||
| 245 |
_aOptimization in Operation Research _cRardin Ronald L |
||
| 260 |
_aGreat Britain _bPearson _c2014 |
||
| 999 |
_c24776 _d24776 |
||